Nationality and sexuality: homophobic discourse and the 'national threat' in contemporary Latvia

Titel: Nationality and sexuality: homophobic discourse and the 'national threat' in contemporary Latvia
Verfasser:
In: Nations and nationalism, Band 17, Heft 3 (2011), Seite 540-560
alle Artikel anzeigen
Veröffentlicht: 2011
Format: Aufsatz
Sprache: Englisch
Kein Bild verfügbar
X
alg: 39282448
001A    $01999:11-11-16 
001B    $01999:10-07-24 $t22:32:32.000 
001C    $06050:19-11-16 $t15:06:49.000 
001D    $01999:11-11-16 
001U    $0utf8 
001X    $00 
002@    $0Oox 
003@    $0392824485 
007A    $0392824485 $aHEB 
007T    $0Herdc0108715m 
009Q    $uhttp://onlinelibrary.wiley.com/doi/10.1111/j.1469-8129.2010.00476.x/ $xVolltext 
010@    $aeng 
011@    $a2011 
021A    $aNationality and sexuality: homophobic discourse and the 'national threat' in contemporary Latvia 
028A    $aMole $dRichard 
031A    $d17 $e3 $h540-560 $j2011 
039B    $aIn $8--Obvc--. Nations and nationalism. - Oxford : Wiley-Blackwell, 1995-. - Online-Ressource. - ISSN 1469-8129. - DOI 10.1111/(ISSN)1469-8129 $x201100000170003460 $9084522844 
045F    $a610.94796 $eDDC23BSB 
045F/01 $a610.9 
045F/03 $g4796 

lok: 39282448 78

exp: 39282448 78 1 #EPN
201B/01 $019-04-17 $t11:36:22.000 
201U/01 $0utf8 
203@/01 $0788934708 
208@/01 $a11-11-16 $be 
209A/01 $a/ $f000 $x00 
220C/01 $aTitelaufnehmer: pg 
220C/01 $aHerkunft: HI Marburg 
244Z/01 $2Trx $#Latvija $#Lettland $#Łotwa $#Lotyšsko $8--Trx--Latvija $x01 $9391275879 
244Z/01 $aGeschichte 1990-2010 $x02 
244Z/01 $2Trx $#homoseksualism $#homoseksualumas $#homosexuality $#homoszexualitás $#homoseksualizm $#homosexualita $#homosexualita $8--Trx--Homosexualität $x03 $9391380710 
244Z/01 $2Trx $#stereotüübid $#stereotipai $#Stereotypes $#sztereotipiák $#stereotypy $#stereotypy $#stereotypy $#Imagologie $#Fremdwahrnehmung $#Fremdenwahrnehmung $#imagologia $#imagológia $#imagologie $8--Trx--Stereotype $x04 $9391366254 
244Z/01 $2Trx $#identiteedid, rahvuslikud $#tautinė tapatybė $#national identity $#identitás, nemzeti $#świadomość narodowa $#totožnosť národná $#identita národní $#Nationalbewußtsein $#tożsamość narodowa $#uvedomenie národné $#uvědomění národní $8--Trx--Identität, nationale $x05 $9391365169 
244Z/01 $2Trx $8--Trx--Zeitschriftenaufsatz $x06 $9391384341 
244Z/01 $2Trx $8--Trx--elektronische Ressource $x07 $939138452X 
245Z/01 $a09.09 $x01 
247C/01 $82080>Marburg/Lahn, Herder-Institut, Forschungsbibliothek, Bibliographieportal $9336309341
LEADER 00000caa a22000002c 4500
001 392824485
003 DE-603
005 20240710223232.0
007 cr||||||||||||
008 161111s2011 xx |||| o| u00||u|eng c
035 |a (DE-599)HEB392824485 
040 |a DE-603  |b ger  |c DE-603  |d DE-603 
041 |a eng 
082 0 4 |8 1\u  |a 610.94796  |q DE-101  |2 23/BSB 
085 |8 1\u  |b 610.9 
085 |8 1\u  |z 2  |s 4796 
100 1 |a Mole, Richard 
245 0 0 |a Nationality and sexuality: homophobic discourse and the 'national threat' in contemporary Latvia 
264 0 |c 2011 
773 0 8 |i In  |t Nations and nationalism  |d Oxford : Wiley-Blackwell, 1995-  |h Online-Ressource  |o 10.1111/(ISSN)1469-8129  |x 1469-8129  |g Band 17, Heft 3 (2011), Seite 540-560  |w (DE-603)084522844  |w (DE-600)1500007-2 
856 |u http://onlinelibrary.wiley.com/doi/10.1111/j.1469-8129.2010.00476.x/ 
924 1 |9 2080  |a (DE-603)788934708  |b DE-2080  |c HES  |d d  |g /